Strategic environmental assessment guidance launched (Record no. 73737)
[ view plain ]
| 000 -LEADER | |
|---|---|
| fixed length control field | 01283cam a2200241 4500 |
| 001 - CONTROL NUMBER | |
| control field | WB3942-06 |
| 008 - FIXED-LENGTH DATA ELEMENTS--GENERAL INFORMATION | |
| fixed length control field | 031104n2003 000 0 eng u |
| 035 ## - SYSTEM CONTROL NUMBER | |
| System control number | (Sirsi) u124227 |
| 245 ## - TITLE STATEMENT | |
| Title | Strategic environmental assessment guidance launched |
| 260 ## - PUBLICATION, DISTRIBUTION, ETC. | |
| Date of publication, distribution, etc. | 2003 |
| 490 ## - SERIES STATEMENT | |
| Series statement | ODPM News Release |
| Volume/sequential designation | (2003/0223) 27 October 2003 (2) |
| 520 ## - SUMMARY, ETC. | |
| Summary, etc. | ODPM has published new guidance for planning authorities on how to meet the requirements of the strategic environmental assessment (Directive 2001/42/EC), which will apply to development plans when it takes effect in July 2004. It will form a key part of the sustainable development agenda for the new planning system, applying to land use and spatial plans in both the present planning system and that proposed under the Planning Bill. The guidance is available at http://www.odpm.gov.uk/stellent/groups/odpm_planning/documents/page/odpm_plan_025198.pdf. http://www.odpm.gov.uk/pns/DisplayPN.cgi?pn_id=2003_0223 |
| 590 ## - LOCAL NOTE (RLIN) | |
| Local note | WB |
| 650 ## - SUBJECT ADDED ENTRY--TOPICAL TERM | |
| Topical term or geographic name entry element | PLANNING AUTHORITIES |
| 650 ## - SUBJECT ADDED ENTRY--TOPICAL TERM | |
| Topical term or geographic name entry element | Land use |
| 9 (RLIN) | 6251 |
| 650 ## - SUBJECT ADDED ENTRY--TOPICAL TERM | |
| Topical term or geographic name entry element | SPATIAL PLANS |
| 650 ## - SUBJECT ADDED ENTRY--TOPICAL TERM | |
| Topical term or geographic name entry element | SUSTAINABILITY APPRAISAL |
| 650 ## - SUBJECT ADDED ENTRY--TOPICAL TERM | |
| Topical term or geographic name entry element | STRATEGIC ENVIRONMENTAL ASSESSMENTS |
| 650 ## - SUBJECT ADDED ENTRY--TOPICAL TERM | |
| Topical term or geographic name entry element | DEVELOPMENT PLANNING |
| 650 ## - SUBJECT ADDED ENTRY--TOPICAL TERM | |
| Topical term or geographic name entry element | PLANNING BILL |
| 690 ## - LOCAL SUBJECT ADDED ENTRY--TOPICAL TERM (OCLC, RLIN) | |
| Topical term or geographic name as entry element | DEVELOPMENT-SUSTAINABLE |
| 942 ## - ADDED ENTRY ELEMENTS (KOHA) | |
| Suppress in OPAC | 0 |
| Withdrawn status | Lost status | Source of classification or shelving scheme | Damaged status | Not for loan | Home library | Current library | Shelving location | Date acquired | Total Checkouts | Full call number | Barcode | Date last seen | Copy number | Price effective from | Koha item type |
|---|---|---|---|---|---|---|---|---|---|---|---|---|---|---|---|
| Dewey Decimal Classification | London | London | News article | 04/11/2003 | WB3942-06 | 124227-1001 | 06/08/2019 | 1 | 06/08/2019 | News article |